000 00459nam a22001817a 4500
003 MPLRDC
005 20220104123709.0
008 210129b ||||| |||| 00| 0 eng d
020 _a957-8512-78-3
082 _a889 ROMA v.33
100 _a派西. 丽亚
245 _a良媒巧计
_c龙吟译
260 _a
_b精美出版社
_c1991
300 _b
490 _a丽心ROMANCE. 33
650 _a西洋小说之中文翻译
942 _cBK
_o889 ROMA v.33
999 _c13469
_d13459